[Event "M.Chigorin Memorial"]
[Site "St. Petersburg RUS"]
[Date "2009.10.16"]
[Round "1.58"]
[White "Markevich, Ilya"]
[Black "Papin, Vasily"]
[Result "1/2-1/2"]
[WhiteElo "2157"]
[BlackElo "2529"]
[PlyCount "84"]

1. e4 c5 2. Nf3 e6 3. Nc3 a6 4. g3 b5 5. Bg2 Bb7 6. d4 cxd4 7. Nxd4 Nf6 8. O-O
b4 9. e5 Bxg2 10. Kxg2 bxc3 11. exf6 Qxf6 12. bxc3 Be7 13. Qd3 O-O 14. Nf3 h6
15. Bf4 d6 16. Bxd6 Bxd6 17. Qxd6 Qxc3 18. Qd3 Qc6 19. Rfd1 Ra7 20. Kg1 Nd7 21.
Rab1 Rc8 22. Rd2 Nf6 23. Qe3 Rac7 24. Rb6 Qa4 25. Qb3 Qa5 26. Rb8 Nd5 27. Rxc8+
Rxc8 28. c4 Nb6 29. Rc2 Qc5 30. Nd2 Nd7 31. Qb7 Qc6 32. Qxc6 Rxc6 33. Nb3 Kf8
34. Kf1 Ke7 35. Ke2 e5 36. Kd3 Kd6 37. Kc3 f5 38. Kb4 Rb6+ 39. Kc3 Kc6 40. f4
exf4 41. gxf4 Kc7 42. Re2 Rf6 1/2-1/2

[Event "M.Chigorin Memorial"]
[Site "St. Petersburg RUS"]
[Date "2009.10.16"]
[Round "1.59"]
[White "Anisimov, Pavel"]
[Black "Kovalenko, Vladimir"]
[Result "1-0"]
[WhiteElo "2518"]
[BlackElo "2153"]
[PlyCount "73"]

1. e4 c6 2. c4 e5 3. Nf3 d6 4. d4 Nd7 5. Nc3 Ngf6 6. Be2 Be7 7. g4 exd4 8. Nxd4
Nc5 9. Nf5 Bxf5 10. exf5 Qb6 11. Qc2 O-O-O 12. Be3 h5 13. g5 Ng4 14. Bxg4 hxg4
15. O-O-O Qb4 16. Qe2 Na4 17. Nxa4 Qxa4 18. Qxg4 f6 19. Kb1 d5 20. b3 Qb4 21.
Bd2 Qc5 22. cxd5 Rxd5 23. Be3 Rxd1+ 24. Rxd1 Qa5 25. h4 Rd8 26. Rxd8+ Bxd8 27.
a4 Qd5 28. Kc2 a5 29. f3 Qd6 30. Qe4 Qa3 31. Bc1 Qc5+ 32. Kb1 Qc3 33. Qe6+ Kb8
34. Qe3 Qxe3 35. Bxe3 fxg5 36. hxg5 Kc8 37. f6 1-0

[Event "M.Chigorin Memorial"]
[Site "St. Petersburg RUS"]
[Date "2009.10.16"]
[Round "1.60"]
[White "Samigullina, Diana"]
[Black "Danin, Alexandre"]
[Result "0-1"]
[WhiteElo "2152"]
[BlackElo "2517"]
[PlyCount "76"]

1. d4 Nf6 2. Nf3 g6 3. Bg5 Bg7 4. Nbd2 d5 5. e3 c5 6. c3 Qb6 7. Qb3 Nc6 8. Be2
O-O 9. O-O Be6 10. h3 Nd7 11. Bf4 f6 12. dxc5 Nxc5 13. Qxb6 axb6 14. Bc7 Na4
15. Nd4 Bf7 16. Bb5 Rfc8 17. Bxa4 Rxc7 18. Bb3 Rd7 19. Nb5 Ne5 20. Rfd1 Nd3 21.
Rab1 Nc5 22. c4 Nxb3 23. axb3 Rad8 24. Rdc1 f5 25. Nf3 h6 26. g4 fxg4 27. hxg4
Be6 28. Nh2 dxc4 29. bxc4 Rd2 30. b3 Rf8 31. Rf1 g5 32. Nc7 Bf7 33. Rfd1 Ra2
34. Nb5 Bg6 35. Rbc1 Rfxf2 36. Rd8+ Kh7 37. Nf1 Rg2+ 38. Kh1 Be4 0-1

[Event "M.Chigorin Memorial"]
[Site "St. Petersburg RUS"]
[Date "2009.10.16"]
[Round "1.61"]
[White "Al Sayed, Mohamad N."]
[Black "Balaian, Alina"]
[Result "1-0"]
[WhiteElo "2515"]
[BlackElo "2148"]
[PlyCount "69"]

1. d4 Nf6 2. c4 c5 3. d5 b5 4. Nf3 bxc4 5. Nc3 d6 6. e4 g6 7. e5 dxe5 8. Nxe5
Bg7 9. Qa4+ Nfd7 10. Nxc4 O-O 11. Be2 Bb7 12. Qb3 Nb6 13. O-O N8d7 14. Na5 Rb8
15. Rd1 Bxd5 16. Nxd5 Nxd5 17. Qxd5 Qxa5 18. Qxd7 Rfd8 19. Bd2 Qb6 20. Qg4 Qxb2
21. Bf4 h5 22. Qf3 e5 23. Bg3 h4 24. Bc4 hxg3 25. Bxf7+ Kh7 26. Qxg3 Rd6 27.
Qh4+ Bh6 28. Qe7 Rd4 29. Rab1 Qb7 30. Bxg6+ Kxg6 31. Qe6+ Kh5 32. Qxe5+ Kg6 33.
Qe6+ Kh5 34. Qe2+ Kg6 35. Rxb7 1-0

[Event "M.Chigorin Memorial"]
[Site "St. Petersburg RUS"]
[Date "2009.10.16"]
[Round "1.62"]
[White "Karzev, Evgeny"]
[Black "Simonian, Hrair"]
[Result "0-1"]
[WhiteElo "2145"]
[BlackElo "2513"]
[PlyCount "116"]

1. Nf3 Nf6 2. g3 b6 3. Bg2 Bb7 4. O-O e6 5. d3 d5 6. Nbd2 Be7 7. e4 c5 8. e5
Nfd7 9. h4 Nc6 10. Re1 Qc7 11. Qe2 O-O-O 12. c3 h6 13. h5 Rdg8 14. Nf1 g6 15.
hxg6 Rxg6 16. Bf4 h5 17. N1h2 Rhg8 18. Bh3 Kb8 19. a3 h4 20. d4 hxg3 21. fxg3
c4 22. Qe3 Nf8 23. Re2 Nh7 24. Bf1 Ng5 25. Nxg5 Bxg5 26. Rg2 Bd8 27. Be2 Ne7
28. g4 Nf5 29. Qf2 Nh4 30. Rg3 R6g7 31. Rh3 Ng6 32. Bd2 Bc6 33. Bd1 Qd7 34. a4
a5 35. Rh5 Qe8 36. Kf1 f6 37. exf6 Bxf6 38. Nf3 Kb7 39. Qh2 Bd8 40. Be1 Rf7 41.
Kg1 Nf4 42. Rh7 Rxg4+ 43. Kh1 Rxh7 44. Qxh7+ Ka8 45. Nh2 Rg8 46. Bg4 Rh8 47.
Qg7 Nh5 48. Bxh5 Qxh5 49. Bg3 Rh7 50. Qg8 Kb7 51. Rf1 Bc7 52. Bxc7 Kxc7 53.
Qg3+ Kb7 54. Re1 Bxa4 55. Rxe6 Bc2 56. Kg1 Be4 57. Re5 Qd1+ 58. Nf1 Rh1+ 0-1

[Event "M.Chigorin Memorial"]
[Site "St. Petersburg RUS"]
[Date "2009.10.16"]
[Round "1.63"]
[White "Gabrielian, Artur"]
[Black "Guzenko, Artem"]
[Result "1-0"]
[WhiteElo "2513"]
[BlackElo "2139"]
[PlyCount "119"]

1. c4 Nf6 2. Nc3 c5 3. Nf3 e6 4. g3 b6 5. Bg2 Bb7 6. O-O a6 7. d4 cxd4 8. Qxd4
d6 9. Rd1 Be7 10. b3 Nbd7 11. e4 O-O 12. Ba3 Nc5 13. e5 dxe5 14. Qxd8 Rfxd8 15.
Nxe5 Bxg2 16. Kxg2 Bf8 17. Bxc5 bxc5 18. Na4 Rd6 19. Rxd6 Bxd6 20. f4 Ne4 21.
Rd1 f5 22. Nd3 Be7 23. Nf2 Nf6 24. Kf3 Kf7 25. h3 Ke8 26. Re1 Kf7 27. Nd3 Ne4
28. Ne5+ Ke8 29. Rd1 Bf6 30. Rd3 Rd8 31. Rxd8+ Kxd8 32. Nd3 Bd4 33. b4 cxb4 34.
Nxb4 Kd7 35. Nxa6 Kd6 36. g4 g5 37. Nb4 gxf4 38. Kxf4 Nf2 39. gxf5 exf5 40. h4
Ke6 41. c5 Ne4 42. c6 Bf2 43. h5 h6 44. Kf3 Bd4 45. c7 Kd7 46. Nd5 Nd6 47. Kf4
Kc6 48. Nac3 Bxc3 49. Nxc3 Kxc7 50. a4 Kc6 51. Nb5 Ne4 52. Kxf5 Nf2 53. Nc3 Kb6
54. Ne4 Nd3 55. Kg6 Ka5 56. Nc3 Kb4 57. Kxh6 Kxc3 58. a5 Nc5 59. Kg6 Kb4 60. h6
1-0

[Event "M.Chigorin Memorial"]
[Site "St. Petersburg RUS"]
[Date "2009.10.16"]
[Round "1.64"]
[White "Utkin, Alexander"]
[Black "Shimanov, Aleksandr"]
[Result "0-1"]
[WhiteElo "2134"]
[BlackElo "2508"]
[PlyCount "112"]

1. d4 Nf6 2. Nf3 e6 3. c4 b6 4. a3 Ba6 5. e3 Be7 6. Bd3 d5 7. b3 O-O 8. O-O
dxc4 9. bxc4 c5 10. Bb2 cxd4 11. exd4 Nbd7 12. Nbd2 Qc7 13. Qe2 Rfe8 14. Rfc1
Rac8 15. h3 Bb7 16. Ne4 Qf4 17. Qd2 Qb8 18. Qe3 Qa8 19. Nfd2 Nxe4 20. Bxe4 Nf6
21. Bxb7 Qxb7 22. Nf3 Ne4 23. Qb3 Rc7 24. a4 Rec8 25. a5 Nd6 26. axb6 axb6 27.
c5 bxc5 28. Qxb7 Nxb7 29. dxc5 Rxc5 30. Rxc5 Nxc5 31. Ra7 Bf8 32. Ba3 Ne4 33.
Bxf8 Kxf8 34. Ne5 f6 35. Nd7+ Kg8 36. f3 Ng3 37. Kf2 Nf5 38. Ra2 e5 39. Nb6 Rc5
40. Rb2 Kf7 41. Ke2 Nd4+ 42. Kd3 Ne6 43. Nc4 Nf4+ 44. Kc3 Rd5 45. Ra2 Rd1 46.
Rc2 h5 47. Kb4 Rd4 48. Kb5 h4 49. Ne3 Kg6 50. Ng4 Rd1 51. Kc4 Re1 52. Rd2 f5
53. Nf2 Rc1+ 54. Kb3 Rg1 55. Rd6+ Kg5 56. Rd7 g6 0-1

[Event "M.Chigorin Memorial"]
[Site "St. Petersburg RUS"]
[Date "2009.10.16"]
[Round "1.65"]
[White "Pavlov, Sergey"]
[Black "Salov, Vitaly V."]
[Result "1-0"]
[WhiteElo "2507"]
[BlackElo "2130"]
[PlyCount "117"]

1. e4 e5 2. Nf3 Nf6 3. d4 exd4 4. e5 Ne4 5. Qxd4 d5 6. exd6 Nxd6 7. Bg5 f6 8.
Be3 Nc6 9. Qf4 Nf5 10. Bb5 Nxe3 11. Qxe3+ Qe7 12. Qxe7+ Bxe7 13. Nd4 Bd7 14.
Nxc6 bxc6 15. Ba4 Rb8 16. Bb3 Bd6 17. Nd2 Rb5 18. O-O-O Rg5 19. g3 Re5 20. Nc4
Re6 21. Rd3 Ke7 22. Rhd1 g6 23. Ne3 Re5 24. Ba4 Rb8 25. Nc4 Re6 26. Na5 Rb6 27.
Bb3 Re2 28. Nc4 Rxf2 29. Re1+ Kd8 30. Nxd6 cxd6 31. Rxd6 Kc7 32. Rd3 Kc8 33.
Re7 Bf5 34. Rde3 Rxh2 35. Rxa7 Rh1+ 36. Kd2 Rh2+ 37. Kc3 Kb8 38. Rf7 Rb7 39.
Rxf6 h5 40. Rxc6 Ka7 41. Rc4 Rd7 42. Ba4 Rf7 43. b4 g5 44. b5 Rh3 45. Kb4 h4
46. Ka5 Rf8 47. Re7+ Kb8 48. b6 hxg3 49. Bc6 Rh7 50. Re3 Rh4 51. Rxh4 gxh4 52.
Re7 Bc8 53. Ra7 Rf5+ 54. Kb4 Rf4+ 55. c4 Bb7 56. Rxb7+ Kc8 57. Ra7 Kd8 58. b7
Kc7 59. Ra8 1-0

[Event "M.Chigorin Memorial"]
[Site "St. Petersburg RUS"]
[Date "2009.10.16"]
[Round "1.66"]
[White "Rjanova, Valery"]
[Black "Makarov, Marat"]
[Result "0-1"]
[WhiteElo "2129"]
[BlackElo "2505"]
[PlyCount "110"]

1. e4 c5 2. Nc3 a6 3. Nf3 e6 4. d4 cxd4 5. Nxd4 Qc7 6. Be2 b5 7. O-O Bb7 8. a3
Nf6 9. Qd3 Nc6 10. Nxc6 Bxc6 11. f4 Bc5+ 12. Kh1 h5 13. b4 Bb6 14. e5 Ng4 15.
Ne4 Bxe4 16. Qxe4 Rc8 17. Bxg4 hxg4 18. Be3 Bxe3 19. Qxe3 Qc3 20. Qxc3 Rxc3 21.
Rfd1 Ke7 22. Rd6 Ra8 23. Rad1 Ra7 24. R6d3 Rac7 25. Rd6 Rxa3 26. Kg1 Ra2 27.
R1d2 Raxc2 28. Rxd7+ Rxd7 29. Rxc2 Rd4 30. Rc7+ Ke8 31. Ra7 Rxf4 32. Rxa6 g5
33. Ra8+ Ke7 34. Rb8 Rxb4 35. Kf2 Rb2+ 36. Kg3 b4 37. Rb7+ Kf8 38. Kxg4 Rxg2+
39. Kh5 Rxh2+ 40. Kxg5 Rb2 41. Kh6 b3 42. Rb8+ Ke7 43. Rb7+ Ke8 44. Rb8+ Kd7
45. Kg7 Rg2+ 46. Kxf7 Rf2+ 47. Kg6 b2 48. Kg5 Kc7 49. Rb3 Kc6 50. Kg4 Kc5 51.
Kg3 Rd2 52. Kf4 Kc4 53. Rb6 Kc3 54. Rc6+ Kb3 55. Rxe6 Rd4+ 0-1

[Event "M.Chigorin Memorial"]
[Site "St. Petersburg RUS"]
[Date "2009.10.16"]
[Round "1.67"]
[White "Vokarev, Sergey"]
[Black "Homiakova, Ekaterina"]
[Result "1-0"]
[WhiteElo "2505"]
[BlackElo "2122"]
[PlyCount "81"]

1. e4 c5 2. Nf3 Nc6 3. d4 cxd4 4. Nxd4 g6 5. c4 Nf6 6. Nc3 d6 7. f3 Nxd4 8.
Qxd4 Bg7 9. Be3 O-O 10. Qd2 Qa5 11. Rc1 Be6 12. Nd5 Qxa2 13. Nxe7+ Kh8 14. Bd4
Ng8 15. Nd5 Rac8 16. Be2 Bxd5 17. exd5 a6 18. Kf2 Qa4 19. b4 Qd7 20. Bxg7+ Kxg7
21. Qd4+ f6 22. Bd3 Rfe8 23. h4 h5 24. g4 hxg4 25. h5 Nh6 26. hxg6 Rh8 27. Rh5
gxf3 28. Kxf3 Rce8 29. Rch1 Re5 30. R5h4 Qe7 31. c5 Nf5 32. Rh7+ Rxh7 33. Rxh7+
Kg8 34. Qf4 Re3+ 35. Kf2 Qe5 36. Qxe5 Rxe5 37. c6 bxc6 38. dxc6 Ng7 39. c7 Re8
40. Bc4+ Kf8 41. Rh8+ 1-0

[Event "M.Chigorin Memorial"]
[Site "St. Petersburg RUS"]
[Date "2009.10.16"]
[Round "1.68"]
[White "Kuzevanova, Evgenia"]
[Black "Romanenko, Vladimir"]
[Result "0-1"]
[WhiteElo "2116"]
[BlackElo "2505"]
[PlyCount "104"]

1. e4 c5 2. Nf3 Nc6 3. d4 cxd4 4. Nxd4 Nf6 5. Nc3 d6 6. Be2 e5 7. Nb3 Be7 8.
O-O O-O 9. Be3 a5 10. a4 Nb4 11. Bf3 Qc7 12. Bg5 Be6 13. Rc1 Rfd8 14. Nb5 Qc6
15. Bxf6 Bxf6 16. c3 Nd3 17. Nxa5 Rxa5 18. Qxd3 Rxa4 19. Na3 Qb6 20. Qd2 h6 21.
Rb1 Bg5 22. Qe2 Qc5 23. Rfe1 Rda8 24. Nc2 Bc4 25. Qd1 Ba2 26. Ra1 Bb3 27. Rxa4
Rxa4 28. Qe2 Bc4 29. Qd1 Ra2 30. b4 Qa7 31. Ne3 Bxe3 32. fxe3 Qa6 33. Qb1 Bd3
34. Qb3 Bc4 35. Qb1 Qa3 36. Qc1 Qa6 37. Qb1 Ra3 38. Qc1 Bd3 39. c4 Bxc4 40. b5
Qa4 41. Be2 Be6 42. Qc7 Qxe4 43. Bf3 Qb4 44. Rc1 e4 45. Bh5 Rxe3 46. Rf1 Qc5
47. Bxf7+ Bxf7 48. Qxf7+ Kh7 49. Kh1 Qxb5 50. Rd1 Rd3 51. Re1 Qd5 52. Qf1 b5
0-1

[Event "M.Chigorin Memorial"]
[Site "St. Petersburg RUS"]
[Date "2009.10.16"]
[Round "1.69"]
[White "Petrosian, Davit G."]
[Black "Zanan, Evgeny"]
[Result "1-0"]
[WhiteElo "2504"]
[BlackElo "2111"]
[PlyCount "125"]

1. e4 c5 2. d3 Nc6 3. f4 g6 4. Nf3 Bg7 5. g3 d6 6. Bg2 e6 7. O-O Nge7 8. c3 O-O
9. Be3 b6 10. Bf2 e5 11. Na3 h6 12. d4 cxd4 13. cxd4 exf4 14. gxf4 d5 15. e5 a6
16. Nb1 Nf5 17. Nc3 Be6 18. Qa4 b5 19. Qc2 Qd7 20. Rac1 Rfc8 21. Qd2 Bf8 22.
Rfd1 Rab8 23. Nh4 Nxh4 24. Bxh4 Be7 25. f5 Bxf5 26. Qxh6 Bxh4 27. Qxh4 Ne7 28.
Qf6 b4 29. Ne2 Bg4 30. Nf4 Bxd1 31. e6 Qe8 32. Rxd1 fxe6 33. Bh3 Rb6 34. Rf1
Qf8 35. Bxe6+ Rxe6 36. Qxe6+ Qf7 37. Qxf7+ Kxf7 38. Nxd5+ Ke6 39. Nxb4 a5 40.
Nd3 Kd5 41. Nc5 Nc6 42. Rd1 Rb8 43. Rd2 Rb4 44. Ne6 Nxd4 45. Nxd4 Rxd4 46. Re2
Kc4 47. Kf2 Kd3 48. Re3+ Kc2 49. Ra3 Rd2+ 50. Kg3 Rd3+ 51. Rxd3 Kxd3 52. Kf4
Kc2 53. Kg5 Kxb2 54. a4 Kb3 55. h4 Kxa4 56. Kxg6 Kb3 57. h5 a4 58. h6 a3 59. h7
Kb2 60. h8=Q+ Kb1 61. Qb8+ Ka1 62. Qf4 Kb2 63. Qb4+ 1-0

[Event "M.Chigorin Memorial"]
[Site "St. Petersburg RUS"]
[Date "2009.10.16"]
[Round "1.70"]
[White "Volokushin, Dmitry"]
[Black "Klimov, Sergey"]
[Result "0-1"]
[WhiteElo "2102"]
[BlackElo "2501"]
[PlyCount "40"]

1. e4 c5 2. Nf3 d6 3. d4 cxd4 4. Nxd4 Nf6 5. Bd3 Nc6 6. Nb3 e6 7. O-O Be7 8. c3
O-O 9. Bg5 Ne5 10. Bc2 Nc4 11. N3d2 Ne5 12. Na3 Rb8 13. Nac4 Nxc4 14. Nxc4 Qc7
15. Bxf6 gxf6 16. Ne3 Qc5 17. Qd3 Kh8 18. Rad1 Qh5 19. f4 Rg8 20. Rf3 Qxf3 0-1

[Event "M.Chigorin Memorial"]
[Site "St. Petersburg RUS"]
[Date "2009.10.16"]
[Round "1.71"]
[White "Lintchevski, Daniil"]
[Black "Gantsevich, Aleksei"]
[Result "1-0"]
[WhiteElo "2499"]
[BlackElo "2096"]
[PlyCount "101"]

1. e4 d6 2. d4 g6 3. g3 Bg7 4. Bg2 c5 5. c3 Nc6 6. Ne2 e5 7. dxc5 dxc5 8. Qxd8+
Nxd8 9. Na3 Ne7 10. Nb5 O-O 11. Nc7 Rb8 12. Be3 b6 13. O-O-O Ne6 14. Nd5 Nc6
15. f4 Ba6 16. Rhe1 f5 17. exf5 gxf5 18. fxe5 Nxe5 19. Nef4 Nxf4 20. Bxf4 Nd3+
21. Rxd3 Bxd3 22. Bxb8 Rxb8 23. Nf4 Bh6 24. Re7 a5 25. Bd5+ Kh8 26. c4 b5 27.
cxb5 Rxb5 28. Rc7 a4 29. a3 Rb8 30. Rxc5 Re8 31. Kd2 Bf1 32. Bc4 Bg2 33. Rxf5
Rc8 34. Bd3 Rb8 35. Rb5 Rd8 36. Ke2 Bc6 37. Rc5 Rc8 38. Rh5 Re8+ 39. Kf2 Bxf4
40. gxf4 Be4 41. Bxe4 Rxe4 42. Kf3 Rc4 43. Rg5 h6 44. Rg2 Kh7 45. Ke3 h5 46. f5
Kh6 47. f6 Rc1 48. Rf2 Rc8 49. Kd4 Kg6 50. f7 Rf8 51. Kc4 1-0

[Event "M.Chigorin Memorial"]
[Site "St. Petersburg RUS"]
[Date "2009.10.16"]
[Round "1.72"]
[White "Zykova, Antonina"]
[Black "Shinkevich, Vitaly"]
[Result "0-1"]
[WhiteElo "2094"]
[BlackElo "2496"]
[PlyCount "106"]

1. e4 e5 2. Bc4 Nf6 3. d3 c6 4. Nf3 Be7 5. O-O d6 6. Re1 O-O 7. Nbd2 a5 8. a4
Nbd7 9. c3 h6 10. Nf1 Re8 11. Ng3 Bf8 12. Qb3 d5 13. exd5 cxd5 14. Bxd5 Nxd5
15. Qxd5 Nc5 16. Qxd8 Rxd8 17. Nxe5 f6 18. Nc4 Nxd3 19. Re2 Ne5 20. Rd2 Rxd2
21. Nxd2 Nd3 22. Nb3 Bd7 23. Ne2 Re8 24. Kf1 b6 25. h3 g5 26. Nbd4 Bc5 27. b3
Bxd4 28. cxd4 Be6 29. Rb1 Bf5 30. g4 Bg6 31. Ra1 Nb4 32. Be3 Nc2 33. Rc1 Bd3
34. Rd1 Nxe3+ 35. fxe3 Rxe3 36. Rd2 Rxh3 37. Kg2 Re3 38. Ng3 Be4+ 39. Kh2 Kf8
40. d5 Bg6 41. d6 Rd3 42. Rxd3 Bxd3 43. Nh5 f5 44. Nf6 fxg4 45. Kg3 Bf5 46. Nd5
h5 47. Nxb6 h4+ 48. Kh2 g3+ 49. Kg2 Be4+ 50. Kh3 Ke8 51. Nc4 g4+ 52. Kxh4 g2
53. d7+ Kd8 0-1

[Event "M.Chigorin Memorial"]
[Site "St. Petersburg RUS"]
[Date "2009.10.16"]
[Round "1.73"]
[White "Tunik, Gennady"]
[Black "Vorobjev, Dmitry"]
[Result "1-0"]
[WhiteElo "2493"]
[BlackElo "2092"]
[PlyCount "99"]

1. d4 Nf6 2. c4 g6 3. Nc3 Bg7 4. e4 O-O 5. Nf3 d6 6. h3 e5 7. d5 Nh5 8. g3 Qe8
9. Nh4 Na6 10. Be2 Nf6 11. Bg5 Nc5 12. Qc2 c6 13. b4 Na6 14. Qb3 Bd7 15. Nf3
Rc8 16. Nd2 cxd5 17. cxd5 Nh5 18. Nc4 f6 19. Be3 Rxc4 20. Qxc4 f5 21. Bxa7 Qa8
22. Bb6 Rc8 23. Qb3 Nf6 24. f3 Nh5 25. Rg1 f4 26. g4 Ng3 27. Bd3 Bf6 28. Kd2
Bd8 29. Bf2 Nxb4 30. Qxb4 Ba5 31. a3 Bxb4 32. axb4 Qb8 33. Bb6 Rf8 34. Rgc1 Qe8
35. Ra7 Qb8 36. Bb5 Qe8 37. Bd3 Qb8 38. Nb5 Bxb5 39. Bxb5 Rc8 40. Rca1 h5 41.
Bd7 Rf8 42. Rc1 Kh7 43. g5 h4 44. Rc7 Rf7 45. Rcxb7 Qf8 46. Be6 Rxb7 47. Rxb7+
Kh8 48. Rc7 Nxe4+ 49. fxe4 f3 50. Rc8 1-0

[Event "M.Chigorin Memorial"]
[Site "St. Petersburg RUS"]
[Date "2009.10.16"]
[Round "1.74"]
[White "Dushin, Nikolay"]
[Black "Krylov, Mikhail"]
[Result "0-1"]
[WhiteElo "2090"]
[BlackElo "2489"]
[PlyCount "98"]

1. d4 Nf6 2. Nf3 g6 3. g3 Bg7 4. Bg2 O-O 5. O-O d6 6. c4 Nc6 7. Nc3 a6 8. Re1
Rb8 9. Rb1 Re8 10. h3 Bd7 11. e4 e5 12. dxe5 Nxe5 13. Nxe5 Rxe5 14. Be3 Re6 15.
Qd2 Qf8 16. g4 Bc6 17. f3 b5 18. cxb5 axb5 19. Ne2 Ba8 20. Nd4 Re5 21. b4 Nd7
22. Bf1 c6 23. Rec1 Ree8 24. Bf4 Ne5 25. Bxe5 Rxe5 26. Rxc6 d5 27. Rc5 dxe4 28.
Rxe5 Bxe5 29. f4 Bc7 30. Ne2 Rd8 31. Qe1 Bb6+ 32. Kh2 Qe7 33. Bg2 Rd3 34. Rb3
Bd5 35. Rc3 Bc4 36. Nc1 Bf2 37. Nxd3 Bxe1 38. Nxe1 Qxb4 39. Re3 f5 40. gxf5
gxf5 41. Nc2 Qd6 42. Rg3+ Kf7 43. Ne3 Qxf4 44. a3 Qe5 45. Nxc4 bxc4 46. Bf1 c3
47. Bc4+ Kf6 48. Bb3 e3 49. Kg2 e2 0-1

[Event "M.Chigorin Memorial"]
[Site "St. Petersburg RUS"]
[Date "2009.10.16"]
[Round "1.75"]
[White "Kovalenko, Igor"]
[Black "Ivanov, Miroslav"]
[Result "1-0"]
[WhiteElo "2484"]
[BlackElo "2090"]
[PlyCount "45"]

1. e4 Nf6 2. e5 Nd5 3. d4 d6 4. Bc4 Nb6 5. Bb3 Nc6 6. exd6 exd6 7. c3 Be7 8.
Ne2 Bf5 9. Ng3 Bg6 10. f4 Bh4 11. O-O Bxg3 12. hxg3 Qd7 13. g4 f5 14. Re1+ Kf8
15. Be6 Qd8 16. gxf5 Bf7 17. Nd2 d5 18. Nf3 Qf6 19. Ng5 Nd8 20. b3 h6 21. Ba3+
Kg8 22. Nxf7 Nxf7 23. Qh5 1-0

[Event "M.Chigorin Memorial"]
[Site "St. Petersburg RUS"]
[Date "2009.10.16"]
[Round "1.76"]
[White "Gutyakulov, Amal"]
[Black "Babujian, Levon"]
[Result "0-1"]
[WhiteElo "2089"]
[BlackElo "2474"]
[PlyCount "48"]

1. Nf3 d5 2. c4 c6 3. b3 Nf6 4. Bb2 Bg4 5. e3 e6 6. Be2 Nbd7 7. O-O Bd6 8. Nc3
O-O 9. Nd4 Bxe2 10. Qxe2 Re8 11. cxd5 exd5 12. f4 Nc5 13. g4 Nfe4 14. g5 Bf8
15. Kh1 Nxc3 16. Bxc3 Ne4 17. Bb2 c5 18. Nf5 d4 19. d3 Nd6 20. Nxd6 Rxe3 21.
Qf2 Qxd6 22. Rae1 Rae8 23. Bc1 Qc6+ 24. Kg1 Rxd3 0-1

[Event "M.Chigorin Memorial"]
[Site "St. Petersburg RUS"]
[Date "2009.10.16"]
[Round "1.77"]
[White "Hovhannisyan, Robert"]
[Black "Sokolova, Vera"]
[Result "1/2-1/2"]
[WhiteElo "2463"]
[BlackElo "2087"]
[PlyCount "92"]

1. e4 c5 2. Nc3 Nc6 3. Nge2 Nf6 4. d4 cxd4 5. Nxd4 d6 6. Bg5 e6 7. Qd2 Be7 8.
O-O-O O-O 9. f4 Nxd4 10. Qxd4 Qa5 11. e5 dxe5 12. Qxe5 Qxe5 13. fxe5 Nd5 14.
Bxe7 Nxe7 15. Bd3 Nc6 16. Rhe1 Rd8 17. g4 Bd7 18. g5 Ne7 19. Ne4 Nf5 20. Nd6
Nxd6 21. exd6 Rac8 22. Be4 Bc6 23. Rd3 Rd7 24. b3 b5 25. Kb2 Bxe4 26. Rxe4 Rc5
27. h4 Rc6 28. Red4 a6 29. h5 Kf8 30. c4 bxc4 31. bxc4 e5 32. Rd5 Rxc4 33. Rxe5
f6 34. Rf5 Kf7 35. h6 Rg4 36. gxf6 gxf6 37. Ra5 Rb4+ 38. Kc3 Rb6 39. Rc5 Ke6
40. Re3+ Kxd6 41. Rc4 f5 42. Rd4+ Kc7 43. Rf4 Rxh6 44. Rxf5 Rh2 45. a3 h5 46.
Re6 Kb7 1/2-1/2

[Event "M.Chigorin Memorial"]
[Site "St. Petersburg RUS"]
[Date "2009.10.16"]
[Round "1.78"]
[White "Mukashev, Assan"]
[Black "Tihonov, Jurij"]
[Result "0-1"]
[WhiteElo "2085"]
[BlackElo "2460"]
[PlyCount "96"]

1. d4 Nf6 2. c4 g6 3. Nc3 Bg7 4. e4 d6 5. f3 O-O 6. Be3 a6 7. Qd2 c6 8. Bd3 b5
9. Nge2 Nbd7 10. O-O bxc4 11. Bxc4 d5 12. Bb3 Nb6 13. e5 Nfd7 14. Nf4 e6 15.
Nd3 a5 16. Na4 Ba6 17. Rfc1 Bb5 18. Nxb6 Qxb6 19. Nc5 Nxc5 20. Rxc5 a4 21. Bd1
Rfb8 22. Rac1 Bf8 23. R5c2 Bc4 24. b3 Bb5 25. Be2 Ba3 26. Rb1 Bxe2 27. Qxe2 Ra5
28. Rc3 Bb4 29. Rcc1 Ba3 30. Rc3 Rb5 31. Qc2 Rc8 32. Qf2 Bb4 33. Rcc1 Bf8 34.
Rc3 Qb8 35. f4 Rc7 36. Qe2 Rb6 37. Qd3 Ra7 38. Qc2 Raa6 39. Qd3 Qb7 40. Bd2 Qa8
41. Be3 axb3 42. Rcxb3 Rxb3 43. axb3 Ra2 44. b4 Ra3 45. Qe2 Qa4 46. Bd2 Qc2 47.
Rc1 Qb2 48. Kf2 Ra2 0-1

[Event "M.Chigorin Memorial"]
[Site "St. Petersburg RUS"]
[Date "2009.10.16"]
[Round "1.79"]
[White "Rozum, Ivan"]
[Black "Polonsky, Pavel"]
[Result "1-0"]
[WhiteElo "2457"]
[BlackElo "2082"]
[PlyCount "65"]

1. f4 d5 2. Nf3 Nf6 3. d3 c5 4. c3 Nc6 5. Qc2 Qc7 6. e4 dxe4 7. dxe4 e5 8. f5
a6 9. a4 Rb8 10. Na3 Na5 11. Nd2 b6 12. Be2 Bb7 13. O-O c4 14. Naxc4 Nxe4 15.
Nxe4 Nxc4 16. f6 Nd6 17. Nxd6+ Qxd6 18. Be3 gxf6 19. Bf3 Qe6 20. Bxb7 Rxb7 21.
Qe4 Rb8 22. Kh1 h5 23. Rf5 Be7 24. Raf1 Qd7 25. h3 Qb7 26. Qh4 Rg8 27. R1f2 Qd7
28. Qxh5 Qxa4 29. Rxf6 Bxf6 30. Rxf6 Kd8 31. Qxf7 Re8 32. Bxb6+ Rxb6 33. Rxb6
1-0

[Event "M.Chigorin Memorial"]
[Site "St. Petersburg RUS"]
[Date "2009.10.16"]
[Round "1.80"]
[White "Androsov, Sergey"]
[Black "Levin, Evgeny A."]
[Result "0-1"]
[WhiteElo "2075"]
[BlackElo "2450"]
[PlyCount "114"]

1. e4 c5 2. Nf3 e6 3. d4 cxd4 4. Nxd4 a6 5. Nc3 Qc7 6. Be2 b5 7. a3 Bb7 8. O-O
Nf6 9. Bf3 d6 10. Bg5 Nbd7 11. g3 Be7 12. Bg2 O-O 13. Re1 Rfe8 14. Nb3 Rac8 15.
Bf4 Red8 16. Qe2 Ne5 17. Rad1 Nfd7 18. Nd4 Nc4 19. Bc1 Bf6 20. Nb1 Qb6 21. c3
Nc5 22. Nd2 Ne5 23. N2b3 Na4 24. h3 Nc4 25. Kh2 d5 26. exd5 Bxd5 27. Bxd5 Rxd5
28. Nf3 Rxd1 29. Rxd1 Bxc3 30. Ng5 Bf6 31. Ne4 Be7 32. Rd7 Rc7 33. Qd3 f5 34.
Rxc7 Qxc7 35. Ng5 Bxg5 36. Bxg5 h6 37. Bd8 Naxb2 38. Qd4 Qc6 39. Bf6 gxf6 40.
Qxf6 Qe8 41. Nd4 Qf7 42. Qxh6 Ne5 43. Nxe6 Ng6 44. Nf4 Nxf4 45. Qxf4 Qf6 46. g4
Nc4 47. Qf3 Qe5+ 48. Kg1 Qe1+ 49. Kh2 Qe4 50. Qb3 fxg4 51. hxg4 Qxg4 52. a4
Qh5+ 53. Kg1 Qg5+ 54. Kf1 Kg7 55. Qc3+ Qe5 56. Qd3 Nd6 57. Kg2 Qe4+ 0-1

[Event "M.Chigorin Memorial"]
[Site "St. Petersburg RUS"]
[Date "2009.10.16"]
[Round "1.81"]
[White "Ovod, Evgenija"]
[Black "Martynov, Pavel"]
[Result "1-0"]
[WhiteElo "2447"]
[BlackElo "2066"]
[PlyCount "81"]

1. d4 d5 2. c4 c6 3. Nf3 Nf6 4. Nc3 dxc4 5. a4 Bf5 6. e3 e6 7. Bxc4 Bb4 8. O-O
O-O 9. Nh4 Nbd7 10. Nxf5 exf5 11. Qc2 Nb6 12. Be2 Qd7 13. a5 Nbd5 14. a6 b6 15.
Bd2 Bd6 16. Bf3 Rfe8 17. Qa4 Rad8 18. Rfc1 Ne4 19. Nxe4 fxe4 20. Be2 Rc8 21.
Rc2 Kh8 22. Rac1 b5 23. Qb3 g6 24. g3 Nf6 25. Kg2 Bf8 26. Bb4 Bxb4 27. Qxb4 Nd5
28. Qb3 Nb6 29. h4 h5 30. Kh2 Kg7 31. Bf1 f5 32. Kg2 Kf6 33. Rc3 Na4 34. Rxc6+
Rxc6 35. Bxb5 Rb6 36. Bxd7 Rxb3 37. Bxa4 Reb8 38. Bxb3 Rxb3 39. Rc6+ Kf7 40.
Rc7+ Kf6 41. Rb7 1-0

[Event "M.Chigorin Memorial"]
[Site "St. Petersburg RUS"]
[Date "2009.10.16"]
[Round "1.82"]
[White "Atlas, Eduard"]
[Black "Lanin, Alexsej"]
[Result "1-0"]
[WhiteElo "2060"]
[BlackElo "2446"]
[PlyCount "59"]

1. e4 c5 2. c3 Nf6 3. e5 Nd5 4. d4 cxd4 5. cxd4 d6 6. Nf3 Nc6 7. Bc4 e6 8. O-O
Be7 9. Qe2 O-O 10. Rd1 Nb6 11. Bb3 Bd7 12. Nc3 d5 13. Bc2 Nb4 14. Bb1 Na4 15.
Nxa4 Bxa4 16. b3 Bd7 17. a3 Nc6 18. Qd3 g6 19. Bh6 Re8 20. b4 Nb8 21. Qd2 Bb5
22. Qf4 f5 23. exf6 Bxf6 24. Ne5 Nd7 25. a4 Bxe5 26. dxe5 Bc4 27. Ra3 Qb6 28.
Rf3 Re7 29. Qg5 Qxb4 30. Bxg6 1-0

[Event "M.Chigorin Memorial"]
[Site "St. Petersburg RUS"]
[Date "2009.10.16"]
[Round "1.84"]
[White "Dolgusheva, Izabella"]
[Black "Goganov, Aleksey"]
[Result "0-1"]
[WhiteElo "2057"]
[BlackElo "2442"]
[PlyCount "52"]

1. d4 d5 2. c4 e6 3. Nc3 c6 4. Nf3 Nf6 5. Bg5 h6 6. Bh4 dxc4 7. e3 b5 8. a4 Bb4
9. Nd2 Bb7 10. Be2 Nbd7 11. Bf3 Qb6 12. O-O O-O 13. Qc2 a6 14. Bg3 c5 15. Bxb7
Qxb7 16. Bd6 Rfd8 17. Be7 Re8 18. Bxf6 Nxf6 19. dxc5 Bxc5 20. Nce4 Be7 21.
Nxf6+ Bxf6 22. Ne4 Be7 23. Rfd1 Red8 24. h3 Rac8 25. Rxd8+ Rxd8 26. Rb1 Rd3 0-1